| 000 | 00533nam a2200157Ia 4500 | ||
|---|---|---|---|
| 999 |
_c19945 _d19945 |
||
| 003 | OSt | ||
| 005 | 20200605105744.0 | ||
| 008 | 190216s9999||||xx |||||||||||||| ||und|| | ||
| 040 | _coclc | ||
| 082 |
_a320.954 _bABA/G |
||
| 100 |
_aAbbasi, Muhammad Yusuf _92512 |
||
| 245 | 4 |
_aThe Genesis Of Muslim Fundamentalism In British India / _cMuhammad Yusuf Abbasi |
|
| 260 |
_bIndian Institute Of Applied Political Research, _c1987. _aNew Delhi: |
||
| 300 | _a323p | ||
| 942 |
_cBK _2ddc _h320.954 _iABA/G _k320.954 _mABA/G |
||